000 00650nam a22002171c 4500
001 a987684799
008 051003s1969 gw a||| 000u eng d
020 _a0674688759
_90-674-68875-9
041 _aeng
100 1 _aWilliamson, Samuel R.
245 0 4 _aThe politics of grand strategy :
_bBritain and France prepare for war, 1904-1914 /
_cSamuel R. Williamson
264 _aCambridge, Mass :
_bHarvard University Press,
_c1969
300 _axiv, 409 p. : ill. ; 24 cm
648 0 _a1904-1914
650 0 _aWeltkrieg <1914-1918>
650 0 _aVorgeschichte
651 0 _aEngland
942 _cMG
040 _cRU-10907106
003 RU-10907106
999 _c35046
_d35046